Νυχτερινά : πέντε ιστορίες της μουσικής και της νύχτας

Αποθηκεύτηκε σε:
Λεπτομέρειες βιβλιογραφικής εγγραφής
Κύριος συγγραφέας: Ishiguro, Kazuo 1954-
Άλλοι συγγραφείς: Κοβαλένκο, Τόνια (trlf)
Μορφή: Βιβλίο
Γλώσσα:Greek
English
Δημοσίευση: Αθήνα : Καστανιώτη, 2009.
Θέματα:
Ετικέτες: Προσθήκη ετικέτας
Δεν υπάρχουν, Καταχωρήστε ετικέτα πρώτοι!

MARC

LEADER 00000cam a2200000 a 4500
001 1/120618
008 200114r2009####gr | ||| |||| ||gre||
020 |a 9789600349658  |q (μαλακό εξώφυλλο) 
040 |a GR-MyUa  |b gre  |c GR-MyUa  |e AACR2 
041 1 |a gre  |h eng 
082 7 |a 823  |2 (23) 
100 1 |a Ishiguro, Kazuo  |d 1954- 
245 1 3 |a Νυχτερινά :   |b πέντε ιστορίες της μουσικής και της νύχτας /   |c Καζούο Ισιγκούρο ; μετάφραση από τα αγγλικά Τόνια Κοβαλένκο.  
260 |a Αθήνα :   |b Καστανιώτη,   |c 2009.  
300 |a 200 σ. ;   |c 21 εκ.  
650 0 |a English fiction  |y 20th century. 
700 1 |a Κοβαλένκο, Τόνια,  |e trlf 
852 |a INST  |b SAMOS  |e 20200114  |h 823 ISH  |p 005300046244  |q 005300046244  |t BK  |y 0 
920 |a Τραγάκη   |b Ζαφειρούλα   |y Σάμος  |z 2019-04 
970 |a Γουβάλα  |b Βάσω  |z 14-1-2020